000 00983nam a2200253 a 4500
001 000004185
005 20200929150738.0
008 090720s2007 dr ad 001 0 spa d
020 _a9993423599
040 _aDO-SdBNP
_bspa
_cBNPHU
082 _a371.3
_bG993o, 2007
100 1 _aGuzmán de Camacho, Ana Dolores
_912351
245 1 0 _aOrientaciones didácticas para el proceso enseñanza-aprendizaje /
_cAna Dolores Guzmán de Camacho, Milagros Concepción Calderón.
250 _a4ª ed.
260 _aSanto Domingo :
_bAmigo del Hogar,
_c2007.
300 _a241 p. :
_bil., gráfcs. ;
_c24 cm.
500 _aIncluye datos bibliográficos de las autoras en la contraportada.
504 _aBibliografía: p.233-241.
650 4 _aMétodos de enseñanza
_92196
650 4 _aPedagogía
_xTécnicas de enseñanza
_912352
650 4 _aPsicología del aprendizaje
_xMetodología
_912353
700 1 _aConcepción Calderón, Milagros
_912354
910 _aValidado. Control de calidad
999 _c4000
_d4000